| 000 | 00539nam a2200169Ia 4500 | ||
|---|---|---|---|
| 008 | 210210b2004 xxu||||| |||| 00| 0 eng d | ||
| 020 | _a0 07 058539 3 | ||
| 082 | _a332 KHAI | ||
| 100 | _aKHAN (M Y). | ||
| 245 | _aIndian financial system. Ed.4. | ||
| 250 | _a | ||
| 260 |
_aN D _bTata McGraw-Hill Publishing Company Ltd. _c2004 |
||
| 300 | _axvii,18.75 | ||
| 650 | _aFinancial Markets Financial Regulations Sebi Listing Primary Market Secondary Market Money Market Risk Managemen | ||
| 690 | _aFinancial Economic | ||
| 906 | _a06083 | ||
| 999 |
_c107662 _d107662 |
||